Spoločnosť s ručením obmedzeným
Na minha lista:
| Autor principal: | |
|---|---|
| Formato: | Livro |
| Idioma: | eslovaco |
| Publicado em: |
Bratislava
IURA EDITION
1996
|
| Edição: | 2. preprac. vyd. |
| Colecção: | Praktické príručky
|
| Assuntos: | |
| Tags: |
Sem tags, seja o primeiro a adicionar uma tag!
|
MARC
| LEADER | 00000nam a2200000 4500 | ||
|---|---|---|---|
| 001 | c016702 | ||
| 005 | 20230117134345.1 | ||
| 020 | |a 80-88715-24-5 | ||
| 041 | 0 | |a slo | |
| 044 | |a SK | ||
| 245 | 1 | 0 | |a Spoločnosť s ručením obmedzeným |c Dalibor Hanes |
| 250 | |a 2. preprac. vyd. | ||
| 264 | 1 | |a Bratislava |b IURA EDITION |c 1996 | |
| 300 | |a 261 s. | ||
| 490 | 1 | |a Praktické príručky | |
| 830 | 0 | |a Praktické príručky | |
| 610 | 2 | 0 | |a spoločnosti s r.o. |
| 610 | 2 | 0 | |a príručky |
| 610 | 2 | 0 | |a predpisy právne |
| 610 | 2 | 0 | |a právo hospodárske |
| 610 | 2 | 0 | |a príručky |
| 100 | 1 | |a Hanes, Dalibor | |